European Countries by Population - Statistics

General Stats
  • This quiz has been taken 284 times
  • The average score is 19 of 20
Answer Stats
Population Answer % Correct
66 million France
100%
80 million Germany
100%
64 million United Kingdom
100%
60 million Italy
99%
146 million Russia
99%
38 million Poland
98%
46 million Spain
98%
42 million Ukraine
95%
36,950 Monaco
94%
10 million Portugal
94%
19 million Romania
94%
33,698 San Marino
94%
839 Vatican City
94%
76,098 Andorra
92%
11 million Belgium
92%
16 million Netherlands
92%
11 million Greece
91%
9.5 million Hungary
90%
10.5 million Czech Republic
84%
37,132 Liechtenstein
84%
No matching quizzes found
Score Distribution
Percent of People with Each Score
Percentile by Number Answered
Your Score History
You have not taken this quiz